| 000 | 004660000a22001810004500 | ||
|---|---|---|---|
| 003 | MACL | ||
| 005 | 20160130130323.0 | ||
| 008 | 160130b xxu||||| |||| 00| 0 eng d | ||
| 040 |
_aMACL _cMACL |
||
| 041 | _aEnglish | ||
| 082 | _a823/BHA | ||
| 100 |
_aBhatnagar, M.K. _935934 |
||
| 245 | _aNew Insights Into The Novels Of R.K. Narayan | ||
| 260 |
_bAtlantic Publishers _c2002 _aNew Delhi |
||
| 350 | _a550 | ||
| 650 |
_aFiction _935935 |
||
| 942 |
_cBK _k823/Bha _2ddc |
||
| 999 |
_c31538 _d31538 |
||